Responses for show #3659 - Thursday, June 29, 2000

Contestants

Bill McCormick, an attorney from Corona del Mar, California

Dru Daigle, an administrative assistant from Dracut, Massachusetts

Brady Bellis, a former stockbroker from Encinitas, California (whose 1-day cash winnings total $10,100)

Jeopardy! Round responses

THIS IS I COUNTRY
CLASSIC CINEMA
(Alex: We want you to name the movie.)
FROGS & TOADS
SEE THE USA
MEET THE PERRYS
"WORD" PLAY
    $100 8
Iceland

Bill
    $100 3
Casablanca

Bill
    $100 14
Harry S. Truman

Bill
    $100 10
(Brady: Who was Watt?)
(Bill: Who was Farragut?)

Robert Fulton

BradyDruBill
    $100 1
(Bill: What is a photograph?)

Crossword puzzle

Bill
Triple Stumper
    $200 9
Iran & Iraq

Brady
    $200 4
Gone With the Wind

Dru
    $200 15
Texas Rangers

Brady
    $200 23
Charleston

Brady
    $200 2
Foreword

Bill
    $300 11
(Brady: What is India?)

Israel

Brady
Triple Stumper
    $300 5
The Jazz Singer

Bill
    $300 24
(we have less than a minute to go...)

Tree frogs

Brady
    $300 18
(Brady: What is Old Faithful?)

Yellowstone National Park

Brady
Triple Stumper
    $300 27
U.S. Naval Academy

Triple Stumper
    $300 16
Password

Bill
    $400 12
Indonesia

Bill
    $400 6
Wuthering Heights

Brady
    $400 25
Metamorphosis

Brady
    $400 19
Old North Church

Bill
    $400 28
(Brady: What is trouble?)
(buzzer sounds)

Hazard

Brady
    $400 20
(Brady: What is cut & paste?)

Word processing

Brady
Triple Stumper
    $500 13
Ireland

Bill
    $500 7
Dracula

Bill
    $500 26
Midwife toad

Triple Stumper
    $500 17
St. Louis Cathedral

Dru
    $500 22
(Bill: ..."and we have won"?)

"they are ours"

DruBill
    $500 21
Loan word

Triple Stumper

Scores at the first commercial break (after clue 16):

Brady Dru Bill
$400 $300 $2,300

Scores at the end of the Jeopardy! Round:

Brady Dru Bill
$200 $1,300 $2,200

Double Jeopardy! Round responses

THE HISTORY OF THE WORLD PART 2
DENSE MATTER
TV REDUX
THEATRE
LESSER-KNOWN NAMES
"STREET"S
    $200 11
New Amsterdam

Brady
    $200 12
(Brady: What is ice?)

Liquid

BradyDru
    $200 1
The Twilight Zone

Brady
    $200 3
(Brady: What is discretion?)

"Wit"

BradyBill
    $200 19
The E Street Band

Brady
    $400 13
(Dru: What is Mongol?)

the Mogul Empire

Dru
Triple Stumper
    $400 17
(Brady: What is a hedge?)
[Initially ruled incorrect; reversed before Daily Double at clue 18 when "some quick research" showed the response of "hedge" to be acceptable]

thicket

Brady
    $400 2
(Brady: Who is Mork?)

ALF

BradyDru
    $400 7
Marlene Dietrich

Dru
    $400 20
(about a minute to go...)

Sydney Greenstreet

Bill
    $600 14
Jiang Zemin

Triple Stumper
    $1,000 18
Rhode Island

Brady
    $600 4
Carl Reiner

Brady
    $600 8
"Side Man"

Triple Stumper
    $600 21
"Main Street"

Bill
    $800 15
(D: What is Sweden?)
(Brady: What is Norway?)

Denmark

BradyDruBill
    $800 5
Ed Asner

Brady
    $800 9
(Brady: Who is Eugene O' Neill?)

Henrik Ibsen

Brady
Triple Stumper
    $500 25
(buzzer sounds)

Player piano

Bill
    $800 22
Picabo Street

Bill
    $1000 16
Canary Islands

Brady
    $1000 6
Tribbles

Dru
    $1000 10
France

Dru
    $1000 24
Thomas Hopkins Gallaudet

Triple Stumper
    $1000 23
(D: What is Fleet Street?)

"Old Lady of Threadneedle Street"

Dru
Triple Stumper

Scores at the end of the Double Jeopardy! Round:

Brady Dru Bill
$2,200 $2,100 $5,500
(lock game)

[wagering suggestions for these scores]

Final Jeopardy! Round responses

BRITISH LITERATURE
(Alex: Written by Rudyard Kipling.)
DruWhat
$2,000
BradyWhat is Mrs. Dalloway?
$2,200
BillWhat is Ulysses?
$1,000
Kim

Final scores:

Brady Dru Bill
$0 $100 $4,500
3rd place: Nokia 8860 Wireless Phone 2nd place: Trip to Spice Islands Beach Resort, Grenada New champion: $4,500

Game dynamics:

Coryat scores:

Brady Dru Bill
$2,200 $2,100 $5,800
14 R
(including 1 DD),
10 W
(including 1 DD)
9 R,
3 W
16 R
(including 1 DD),
3 W

Combined Coryat: $10,100

The J! Archive is created by fans, for fans. The Jeopardy! game show and all elements thereof, including but not limited to copyright and trademark thereto, are the property of Jeopardy Productions, Inc. and are protected under law. This website is not affiliated with, sponsored by, or operated by Jeopardy Productions, Inc. Join the discussion at JBoard.tv.